000 00798nam a22002297ar4500
001 2728
005 20221127090552.0
008 120118s xxua 00110 eng d
020 _a9780135019672(hpb) :
_cSR267.00
082 0 4 _a658.4013
_bG555 2010
100 1 _aGoetsch, David L.
245 1 0 _aQuality management for organizational excellence :
_bintroduction to total quality /
_cDavid Goetsch, S. Davis.
250 _a6th ed.
260 _aUpper Saddle River, NJ :
_bPrentice Hll,
_c2010.
300 _axvii, 634 p. :
_bill. ;
_c28 cm.
504 _aIncludes bibl. references and index.
650 4 _aTotal quality management.
650 4 _aQuality function development.
650 4 _aQuality control
_xStandards.
650 4 _aProduct management.
700 0 _aDavis, Stanley B.,
_ejt. author.
999 _c2726
_d2726